LEADER 00587naa a2200145 i 4500 001 000000326052 003 CaOOAMICUS 005 20180831173514.0 008 180831n it u000 u ita u 013 $a37178 040 $aSeMil$bita 245 10$aCasaroli, Berlinguer, la riforma del concordato. 600 14$aBerlinguer, Enrico <1922-1984>.$0(OLS)http://semarc/subject/27691 773 0 $tAgostino Casaroli.$dMilano : Vita e Pensiero, copyr. 2015.$kStoria. Ricerche$z978-88-343-3071-5$gp.115-124$w()247925 996 $6245$aCasaroli, Berlinguer, la riforma del concordato$9(OLS)http://semarc/title/399161 LEADER 00555nab a2200133 i 4500 001 000000327988 003 CaOOAMICUS 005 20180831173552.0 008 180831n it uu u0 0ita r 013 $a39587 040 $aSeMil$bita 245 10$aPropedeutica-Liceo. Torneo primaverile di calcio. - In [rubrica] :$bNotizie dai Seminari. 773 0 $tAvrete forza dallo Spirito Santo. - 32 p. - Titolo dalla copertina.$gp.15$w()290630 996 $6245$aPropedeutica-Liceo. Torneo primaverile di calcio. - In [rubrica] :$bNotizie dai Seminari.$9(OLS)http://semarc/title/416590